Tiến bộ khoa học nhìn từ phía trái /
Cuốn sách giới thiệu những sự kiện khoa học thuộc nhiều lĩnh vực khác nhau, từ việc lạm dụng năng lượng nguyên tử, phá hoại môi trường sinh thái, những biến đổi bất lợi trong bệnh lý con người, nghịch lý thời kinh tế...
保存先:
| 第一著者: | |
|---|---|
| フォーマット: | 図書 |
| 言語: | Vietnamese |
| 出版事項: |
Hà Nội :
Khoa học xã hội,
1999.
|
| 主題: | |
| タグ: |
タグ追加
タグなし, このレコードへの初めてのタグを付けませんか!
|
| Thư viện lưu trữ: | Mạng thư viện Đại học Đà Nẵng |
|---|
| LEADER | 01174cam a2200349 i 4500 | ||
|---|---|---|---|
| 001 | 000046975 | ||
| 003 | 6493 | ||
| 005 | 20030917110015.0 | ||
| 008 | 010306b1999 vm 000 vie | ||
| 020 | |c 16000 | ||
| 040 | |a IRC |c IRC |d IRC | ||
| 041 | 0 | |a vie | |
| 082 | 1 | 4 | |a 001 |b ĐO-M |
| 100 | 1 | |a Đoàn Xuân Mượu. | |
| 245 | 0 | 0 | |a Tiến bộ khoa học nhìn từ phía trái / |c Đoàn Xuân Mượu. |
| 260 | |a Hà Nội : |b Khoa học xã hội, |c 1999. | ||
| 300 | |a 199tr. ; |c 19cm. | ||
| 520 | 3 | |a Cuốn sách giới thiệu những sự kiện khoa học thuộc nhiều lĩnh vực khác nhau, từ việc lạm dụng năng lượng nguyên tử, phá hoại môi trường sinh thái, những biến đổi bất lợi trong bệnh lý con người, nghịch lý thời kinh tế... | |
| 630 | 0 | 4 | |a Tri thức. |
| 630 | 0 | 4 | |a Khoa học. |
| 630 | 0 | 4 | |a Kiến thức nhân loại. |
| 650 | 0 | 4 | |a Tiến bộ khoa học. |
| OWN | |a DUT | ||
| 999 | |a From the UDN01 | ||
| TYP | |a Monograph | ||
| TYP | |a Printed language | ||
| 980 | |a Mạng thư viện Đại học Đà Nẵng | ||